| 000 | 00400nam a2200169Ia 4500 | ||
|---|---|---|---|
| 008 | 180207s9999 xx 000 0 und d | ||
| 020 | _a9781858546605 | ||
| 050 | _bL485 2002 | ||
| 100 | _aLeeks, David. | ||
| 245 | _aMy big book of vehicles / | ||
| 245 | _cDavid Leeks. | ||
| 260 | _aLondon : | ||
| 260 | _bBrimax, | ||
| 260 | _c2002 | ||
| 300 | _aunpaged : | ||
| 300 | _bcolor illustration ; | ||
| 999 |
_c355019 _d355019 |
||